000 00689nam a2200253Ia 4500
005 20260121161225.0
008 008 260114s9999 xx 000 0 eng d
020 _a9781003342373
037 _aEBOOK
040 _aCRL
040 _beng
040 _cCRL
041 _2eng
041 _aeng
084 _qCRL
100 _aRam Ashish Giri; Amol Padwad; Mian Md. Naushaad Kabir
_91041739
245 0 _aEnglish as a Medium of Instruction in South Asia:Issues in Equity and Social Justice
260 _bTaylor and Francis
260 _c2024
856 _uhttp://www.taylorfrancis.com/books/9781003342373
942 _cEBOOK
999 _c1608555
_d1608555